logo

Bir Sreshtho Munshi Abdur Rouf Library
Jhenaidah Cadet College

The Oxford companion to classical literature / (Record no. 9273)

MARC details
000 -LEADER
fixed length control field 01237nam a2200337 a 4500
001 - CONTROL NUMBER
JCCL Control Number 9273
003 - CONTROL NUMBER IDENTIFIER
JCCL marc code BD - JhCC
005 - DATE AND TIME OF LATEST TRANSACTION
control field 20180527125721.0
008 - FIXED-LENGTH DATA ELEMENTS--GENERAL INFORMATION
fixed length control field 131023s2011 enkb fo| 000 0 eng|d
020 ## - INTERNATIONAL STANDARD BOOK NUMBER
International Standard Book Number 9780191739422 (ebook) :
Terms of availability No price
035 ## - SYSTEM CONTROL NUMBER
system control number (BD - JhCC)9273
040 ## - CATALOGING SOURCE
Original cataloging agency StDuBDS
Transcribing agency StDuBDS
Modifying agency BD-JhCC
041 ## - LANGUAGE CODE
Language code of Book eng
050 #0 - LIBRARY OF CONGRESS CALL NUMBER
Classification number PA31
Item number .H69 2011
082 04 - DEWEY DECIMAL CLASSIFICATION NUMBER
Classification number 880.900103
DDC Edition number 23
Author mark and Year OXF 2011
245 04 - TITLE STATEMENT
Title The Oxford companion to classical literature /
Statement of responsibility, etc Paul Harvery
246 30 - VARYING FORM OF TITLE
Title proper/short title Classical literature
250 ## - EDITION STATEMENT
Edition statement 3rd ed. /
260 ## - PUBLICATION, DISTRIBUTION, ETC. (IMPRINT)
Place of publication, distribution, etc Oxford :
Name of publisher, distributor, etc Oxford University Press,
Date of publication, distribution, etc 2011.
300 ## - PHYSICAL DESCRIPTION
Pagination 1 online resource (vi, 632 p.) :
Other physical details maps.
490 1# - SERIES STATEMENT
Series statement Oxford reference library
500 ## - GENERAL NOTE
General note Previous ed.: 1989.
520 8# - SUMMARY, ETC.
Summary, etc This companion not only presents all the essential facts about the authors, tales and characters from ancient literature and myth, but places these details in the wider contexts of the history and society of the Greek and Roman worlds.
550 ## - ISSUING BODY NOTE
Issuing body note Issued as part of Oxford Reference.
650 #0 - SUBJECT ADDED ENTRY--TOPICAL TERM
Topical term or geographic name as entry element Classical literature
Form subdivision Dictionaries.
650 #0 - SUBJECT ADDED ENTRY--TOPICAL TERM
Topical term or geographic name as entry element Classical dictionaries.
700 ## - ADDED ENTRY--PERSONAL NAME
Personal name Harvery, Paul
710 2# - ADDED ENTRY--CORPORATE NAME
Corporate name or jurisdiction name as entry element Oxford University Press.
942 ## - ADDED ENTRY ELEMENTS (KOHA)
Source of classification or shelving scheme Dewey Decimal Classification
Koha item type Reference
Holdings
Source of classification or shelving scheme Damaged status Not for loan Home library Current library Shelving location Total Checkouts Full call number Barcode Date last seen Copy number Koha item type
Dewey Decimal Classification     JCC Rouf Library JCC Rouf Library General Stacks   880.900103 OXF 2011 12185 03/12/2018 C - 1 Books

JCC Library | Contacts | JCC Home

Last Update on 23 September 2017
Copyright @ 2017-2020 JCC Rouf Library
Rouf Library, Jhenidah Cadet College (JCC), Bangladesh